LEADER 01235nam a2200313 u 4500 001 000000063398 003 CaOOAMICUS 005 20070226121235.0 008 011025s1988 it u000 u ita u 020 $a8826301646 035 $a10907775 040 $aPUL(R)$bita 041 1 $aita$hspa 100 1 $aRuiz de la Peña, Juan L.,$d1937-$0(OLS)http://pul/name/25478 240 10$aOtra dimensión. Escatología cristiana.$lItaliano.$0(OLS)http://pul/title/84541 245 12$aL'altra dimensione :$bescatologia cristiana /$cJ.L. Ruiz de la Peña. 260 $aRoma :$bBorla,$c1988. 300 $a387 p. ;$c20 cm 490 1 $aRicerche teologiche 504 $aBibliografia: p. 7-8. 650 4$aEscatologia.$0(OLS)http://pul/subject/791 830 0$aRicerche teologiche (Borla).$0(OLS)http://pul/title/25197 850 $aPUL 852 $aPUL$W1$xSL Religione 1$y3$m68 F 95$j82259$nBK-PRI$b $qStampati$B82259$CPULBib$Z2$F82259 $H $81 941 1 $a8 961 $aINV: 65365 996 $6020$a8826301646$9(OLS)http://pul/number/82263 996 $6245$aL'altra dimensione :$bescatologia cristiana$9(OLS)http://pul/title/84542 996 $6260$aRoma :$bBorla$9(OLS)http://pul/publisher/48061 LEADER 01581nam a2200277 a 4500 001 000000161860 003 CaOOAMICUS 005 20170712152440.0 008 170712s1985 it m 001 u spa r 032 $aLibriCat 040 $aPUL$bita 100 1 $aVela, Jesús Andrés,$cS.I.$0(OLS)http://pul/name/42682 245 10$aAportes que provienen de las estructuras pastorales del OICA Orientadores de un posible camino de reiniciación de los bautizados : $bContribución a un estudio de la estructura pastoral de la reiniciación a partir de Capítulo IV del OICA / $cJesús Andrés Vela. 260 $aRoma :$b[s.n.],$c1985. 300 $a205 p ;$c25 cm. 502 $aEstratto di Tesi -- Pontificia Universitas Gregoriana. Facultas Missiologiae. 1984. 504 $aBibliografia in nota a piè pagina. 650 04$aTeologia pastorale.$0(OLS)http://pul/subject/1301 710 2 $aPontificia Università Gregoriana.$bFacoltà di missiologia.$kTesi.$0(OLS)http://pul/name/82191 850 $aPUL 852 $aPUL$W1$xDP1 Tesi Pon. Univ. Gregoriana$y40$mTH PUG 3239$j185843$qTesi$B189060$CPULBib$Z2$F189060 $H53077 $82 941 1 $a16 960 $aPastorale$91301 996 $6245$aAportes que provienen de las estructuras pastorales del OICA Orientadores de un posible camino de reiniciación de los bautizados : $bContribución a un estudio de la estructura pastoral de la reiniciación a partir de Capítulo IV del OICA / $9(OLS)http://pul/title/201624 996 $6260$aRoma :$b[s.n.]$9(OLS)http://pul/publisher/47958